000 01000cam a2200205 4500
001 WB3814-07
008 020418n2002 000 0 eng u
035 _a(Sirsi) u117570
245 _aNew era for offshore wind begins
260 _c2002
490 _aDTI Press Release
_v(P/2002/235) 17 April 2002, (1)
520 _aPlans to build Britain's biggest offshore wind farm at Scroby Sands, have been given the go ahead by Minister for Energy, Brian Wilson. The development, some 2.5km off the coast of Great Yarmouth in Norfolk consists of up to 38 wind turbines and should provide enough green electricity fro 52 000 homes. For DTI press release: http://www.nds.coi.gov.uk/coi/coipress.nsf/2b45e1e3ffe090ac802567350059d840/5ba3b63884d260da80256b9e003281e2?OpenDocument
650 _aOFFSHORE WIND FARM
650 _aWIND TURBINE
650 _aSCROBY SANDS
650 _aELECTRICITY ACT 1989
650 _aWIND INDUSTRY
690 _aENVIRONMENTAL AND LAND CONSULTANCY-ENERGY
942 _n0
999 _c70012
_d70012